Kpop Stan Quiz(Real Stan./Kpop Addict Ver.) - Statistics

General Stats
  • This quiz has been taken 649 times
  • The average score is 17 of 30
Answer Stats
Question Answer % Correct
Which HYBE group recently debuted? Illit
95%
Which Enhypen song contains female dancers? Bite Me
79%
Which TXT song steals its title from a Olivia Rodrigo song? Deja Vu
79%
Which aespa member dated recently? Karina
77%
Which New Jeans song advertised Coca Cola? Zero
74%
Which Stray Kids member has a dual voice? Felix
71%
Which New Jeans song advertised Iphone 14? ETA
70%
Which Enhypen member was attacked for being "too feminine"? Sunoo
70%
Which aespa song was a Collab with Red Velvet? Beautiful Christmas
67%
Which BABYMONSTER member has undoubtedly the best vocals in the group? Rami
66%
Which nmixx song has an insane dual high note performed by Lily and Haewon? Dice
62%
Which IVE member was shamed for gaining weight? Liz
60%
Which Kiss of Life song is currently going viral? Midas Touch
60%
Which song by BABYMONSTER was written by Charlie Puth? Like That
58%
Which Twice song was released in one of their early albums but is now trending? Look at Me
57%
Which Red Velvet member fell off a 10 meter stage and had to get surgery on her face? Wendy
57%
Which IVE member gets the least lines? Gaeul
56%
Which Red Velvet song has a dark meaning: killing other people for love? Russian Roulette
49%
Which LE SSERAFIM song is know for its abundance of remixes made of it? Eve, Psyche, and the Bluebeard's Wife
48%
Which Kiss of Life member did the crazy move in the pre chorus of Nobody Knows (which you definitely shouldn't do at home) and went viral for her smooth and captivating dance moves? Julie
48%
Which nmixx member once found a baby someone left on the stage and had to return it to its owner in the crowd? Kyujin
48%
Which TXT members are unable to be in the same room together? Yeonjun and Beomgyu
45%
Which Blackpink member loved to go to Paeris, be in a Fashion Shaur, and see the Eiffel Towaur? Rose
44%
Which Stray Kids song was written by Han and he didn't realize it was during an interview and his reaction was, "OMG _______ is so AmAzInG! I love that song. *continues in British* that's SAOW beautiful." Secret Secret
44%
Which Blackpink member famously said during a live, "What about me? Guys? I'm the hottest ok?" Lisa
43%
Which Itzy member made up a new word during an interview: Addictive + Attractive? Yeji
43%
Which Illit member was YG trainee beforehand? Minju
42%
Which LE SSERAFIM member saves the group in terms of vocals? Chaewon
41%
Which Itzy member proceeded to post feet pics on her personal Instagram account? Ryujin
33%
Which Twice members was bashed for her lack of facial expressions? Mina, Dahyun, and Chaeyoung
29%
No matching quizzes found
Score Distribution
Percent of People with Each Score
Percentile by Number Answered
Your Score History
You have not taken this quiz